000 00762nam a2200289Ia 4500
005 20260324133912.0
008 008 260324s9999 xx 000 0 eng d
020 _a9780203720271
037 _aEBOOK
040 _aCRL
040 _beng
040 _cCRL
041 _2eng
041 _aeng
084 _qCRL
100 _aMichael J. Platow
_91194817
245 0 _aGiving Professional Presentations in the Behavioral Sciences and Related Fields
245 2 _bA Practical Guide for Novice, the Nervous and the Nonchalant
260 _bTaylor and Francis
260 _c2002
365 _a
365 _b230
856 _uhttp://www.taylorfrancis.com/books/9780203720271
942 _cEBOOK
999 _c1794354
_d1794354